Biblioteki Polonii Amerykańskiej
Biblioteka Instytutu Józefa Piłsudskiego w Ameryce
Library of the Józef Piłsudski Institute of America
Biblioteka imienia Alfreda Jurzykowskiego Polskiego Instytutu Naukowego w Ameryce
The Alfred Jurzykowski Memorial Library of the Polish Institute of Arts & Sciences of America
Biblioteka Marjanczyków Polskiej Fundacji Kulturalnej
The Marjanczyk Library of the Polish Cultural Foundation

Biblioteka Fundacji Kościuszkowskiej
Library of the Kosciuszko Foundation

Bolesław Krzywousty / (Record no. 91086)

MARC details
000 -LEADER
fixed length control field 01704nam a2200553 i 4500
001 - CONTROL NUMBER
control field 991021601059705066
003 - CONTROL NUMBER IDENTIFIER
control field NyNyJPI
005 - DATE AND TIME OF LATEST TRANSACTION
control field 20260408204855.0
008 - FIXED-LENGTH DATA ELEMENTS--GENERAL INFORMATION
fixed length control field 140224s2013 pl |000 0 pol
009 - PHYSICAL DESCRIPTION FIXED-FIELD FOR ARCHIVAL COLLECTION (VM) [OBSOLETE]
fixed length control field b0000003021883
015 ## - NATIONAL BIBLIOGRAPHY NUMBER
National bibliography number UWD 2014/8584
020 ## - INTERNATIONAL STANDARD BOOK NUMBER
International Standard Book Number 9788393576074
035 ## - SYSTEM CONTROL NUMBER
System control number 991021601059705066
035 ## - SYSTEM CONTROL NUMBER
System control number (PL-WaBN)b30218834-48omnis_nlop
035 ## - SYSTEM CONTROL NUMBER
System control number b30218834
035 ## - SYSTEM CONTROL NUMBER
System control number (OCoLC)864883192
035 ## - SYSTEM CONTROL NUMBER
System control number xx002973284
035 ## - SYSTEM CONTROL NUMBER
System control number (PL)b0000003021883
035 ## - SYSTEM CONTROL NUMBER
System control number (EXLNZ-48OMNIS_NETWORK)9910190144505606
040 ## - CATALOGING SOURCE
Original cataloging agency WA N
Transcribing agency WA N
Modifying agency WA N
080 ## - UNIVERSAL DECIMAL CLASSIFICATION NUMBER
Universal Decimal Classification number 929-052(438)"10"
080 ## - UNIVERSAL DECIMAL CLASSIFICATION NUMBER
Universal Decimal Classification number 929-052(438)"11"
080 ## - UNIVERSAL DECIMAL CLASSIFICATION NUMBER
Universal Decimal Classification number 94(438).02"10"
080 ## - UNIVERSAL DECIMAL CLASSIFICATION NUMBER
Universal Decimal Classification number 94(438).02"11"
084 ## - OTHER CLASSIFICATION NUMBER
Classification number 01
100 1# - MAIN ENTRY--PERSONAL NAME
Personal name Rosik, Stanisław
Dates associated with a name (1969- )
245 10 - TITLE STATEMENT
Title Bolesław Krzywousty /
Statement of responsibility, etc. Stanisław Rosik.
260 ## - PUBLICATION, DISTRIBUTION, ETC.
Place of publication, distribution, etc. Wrocław :
Name of publisher, distributor, etc. Chronicon Wydawnictwo,
Date of publication, distribution, etc. 2013.
300 ## - PHYSICAL DESCRIPTION
Extent 339 s. ;
Dimensions 24 cm.
336 ## - CONTENT TYPE
Content type term Tekst
Content type code txt
Source rdacontent
337 ## - MEDIA TYPE
Media type term Bez urządzenia pośredniczącego
Media type code n
Source rdamedia
338 ## - CARRIER TYPE
Carrier type term Wolumin
Carrier type code nc
Source rdacarrier
380 ## - FORM OF WORK
Form of work Książki
490 1# - SERIES STATEMENT
Series statement Biographiae ;
Volume/sequential designation 1
504 ## - BIBLIOGRAPHY, ETC. NOTE
Bibliography, etc. note Bibliogr. s. 317-339. Indeks.
600 07 - SUBJECT ADDED ENTRY--PERSONAL NAME
Personal name Bolesław Krzywousty
Titles and other words associated with a name (książę Polski ;
Dates associated with a name 1086-1138)
Source of heading or term DBN
600 10 - SUBJECT ADDED ENTRY--PERSONAL NAME
Personal name Bolesław
Numeration III,
Titles and other words associated with a name King of Poland,
Dates associated with a name 1085-1138
648 #7 - SUBJECT ADDED ENTRY--CHRONOLOGICAL TERM
Chronological term 1001-1100
Source of heading or term DBN
648 #7 - SUBJECT ADDED ENTRY--CHRONOLOGICAL TERM
Chronological term 1101-1200
Source of heading or term DBN
651 #7 - SUBJECT ADDED ENTRY--GEOGRAPHIC NAME
Geographic name Władcy
Geographic subdivision Polska
Chronological subdivision 12 w.
Source of heading or term DBN
651 #0 - SUBJECT ADDED ENTRY--GEOGRAPHIC NAME
Geographic name Poland
General subdivision History
Chronological subdivision Boleslaus III, 1102-1138
651 #0 - SUBJECT ADDED ENTRY--GEOGRAPHIC NAME
Geographic name Poland
General subdivision Kings and rulers
Form subdivision Biography
651 #7 - SUBJECT ADDED ENTRY--GEOGRAPHIC NAME
Geographic name Polska
Source of heading or term DBN
655 #7 - INDEX TERM--GENRE/FORM
Genre/form data or focus term Biografia
Source of term DBN
658 ## - INDEX TERM--CURRICULUM OBJECTIVE
Main curriculum objective Historia
710 2# - ADDED ENTRY--CORPORATE NAME
Corporate name or jurisdiction name as entry element Wydawnictwo Chronicon, Joanna Rosik
Relationship pbl
830 #0 - SERIES ADDED ENTRY--UNIFORM TITLE
Uniform title Biographiae
Volume/sequential designation 1
942 ## - ADDED ENTRY ELEMENTS (KOHA)
Source of classification or shelving scheme Other/Generic Classification Scheme
Koha item type Books
Suppress in OPAC No
Holdings
Withdrawn status Lost status Source of classification or shelving scheme Damaged status Not for loan Home library Current library Date acquired Total checkouts Full call number Date last seen Price effective from Koha item type
    Other/Generic Classification Scheme   Not for loan Józef Piłsudski Institute Józef Piłsudski Institute 04/13/2026   K 1823 04/13/2026 04/13/2026 Books